| 000 | 01728nam a2200265Ia 4500 | ||
|---|---|---|---|
| 008 | 260220t1997||||xx |||||||||||||| ||spa|| | ||
| 020 | _a8492262419 | ||
| 040 |
_aPY-SlUNAC _bspa _erda |
||
| 041 | _aspa | ||
| 082 |
_a972.91 _bB413v |
||
| 100 |
_aBell Lara, José _eAutor |
||
| 245 | 0 |
_aVisión desde Cuba / _cpor José Bell Lara [Autor] y Clara Pulido Escandell [Autor] |
|
| 264 |
_aMadrid : _bSodepaz, _c℗1997. |
||
| 300 | _a1 volumen | ||
| 520 | _a"Visión desde Cuba" de José Bell Lara es una obra que explora la realidad social, política y económica de Cuba a finales del siglo XX, ofreciendo una perspectiva crítica sobre los desafíos y logros de la Revolución Cubana. A través de un análisis detallado, el autor examina la historia reciente de la isla, destacando las tensiones entre el ideal revolucionario y las dificultades prácticas que enfrenta el país, como el bloqueo económico y las crisis internas. Bell Lara presenta testimonios y datos que ilustran la vida cotidiana de los cubanos, así como el impacto de las políticas gubernamentales en su bienestar. Además, el libro reflexiona sobre la identidad cubana y el papel de la cultura en la resistencia ante las adversidades. A lo largo de sus páginas, el autor invita a los lectores a cuestionar las narrativas hegemónicas sobre Cuba, promoviendo un entendimiento más profundo y matizado de la complejidad de su realidad contemporánea. | ||
| 651 | _aCuba | ||
| 653 | _aDesarrollo sostenible | ||
| 653 | _aPolítica | ||
| 700 |
_aPulido Escandell, Clara _eAutor |
||
| 942 |
_b2026/02/17 _cBK |
||
| 999 |
_c9540 _d9540 |
||